[Event "XXV Miedzynarodowy Festiwal Szachowy w Poznaniu - OPEN A"]
[Site "Poznan"]
[Date "2017.08.25"]
[Round "7.15"]
[White "Niemier, Hubert"]
[Black "Bajerlein, Dawid "]
[Result "0-1"]
[WhiteTitle ""]
[BlackTitle ""]
[WhiteElo "1924"]
[BlackElo "2037"]

1. d4 Nf6 2. c4 d6 3. Nc3 Nbd7 4. e4 e5 5. d5 Nc5 6. Bd3 a5 7. Nge2 g6 8. Bc2 Bd7
9. O-O Bg7 10. a3 O-O 11. Bd2 Nh5 12. b4 axb4 13. axb4 Na6 14. Rb1 f5 15. exf5
gxf5 16. f4 e4 17. Be3 Qe7 18. Bd4 Nf6 19. Qd2 Rfb8 20. Ng3 c5 21. bxc5 dxc5 22.
Be5 Ng4 23. Bxg7 Qxg7 24. h3 Nf6 25. Kh2 Nb4 26. Ra1 Ne8 27. Ba4 Nd6 28. Bxd7
Qxd7 29. Qe2 Qg7 30. Rxa8 Rxa8 31. Nb5 Nxb5 32. cxb5 Ra2 33. Qh5 Nxd5 34. Qxf5
Rxg2+ 35. Kh1 Ne3 36. Qc8+ Qf8 37. Qxf8+ Kxf8 38. Nxe4 Re2 39. Rc1 b6 40. Nc3
Rb2 41. Re1 Nf5 42. Re6 Nd4 43. Re3 Nxb5 44. Na4 Rb1+ 45. Kg2 Nd4 46. Re5 Rb4
47. Nxc5 bxc5 48. Rxc5 Ne6 49. Rf5+ Kg7 50. Kg3 Kg6 51. Ra5 Rxf4 52. Re5 Rf6 53.
Kg4 Ng7 54. Rg5+ Kf7 55. Ra5 Rb6 56. Ra7+ Kg6 57. Ra4 Rd6 58. Ra3 Rd4+ 59. Kf3
Nf5 60. Rb3 Ra4 61. Rc3 h6 62. Rd3 Rb4 63. Ra3 Rb3+ 64. Rxb3 Nd4+ 65. Kg4 Nxb3
0-1

[Event "XXV Miedzynarodowy Festiwal Szachowy w Poznaniu - OPEN A"]
[Site "Poznan"]
[Date "2017.08.25"]
[Round "7.16"]
[White "Motyl, Tomasz"]
[Black "Olejarczyk, Wojciech "]
[Result "0-1"]
[WhiteTitle ""]
[BlackTitle ""]
[WhiteElo "2027"]
[BlackElo "1820"]

1. g3 d5 2. Bg2 e5 3. c4 d4 4. d3 Bb4+ 5. Nd2 a5 6. Ngf3 Nc6 7. O-O Nf6 8. Qa4
O-O 9. a3 Be7 10. b4 Qd6 11. Nb3 Bg4 12. c5 Qe6 13. b5 Nd8 14. Bd2 h6 15. Rfc1
Ra7 16. Rc2 Kh8 17. Rac1 Nd7 18. e3 Qf5 19. Ne1 dxe3 20. Bxe3 Bg5 21. Nd2 Bxe3
22. fxe3 Qg5 23. Nf1 f5 24. b6 cxb6 25. Qxd7 f4 26. exf4 exf4 27. Qd6 Ne6 28.
Nf3 Bxf3 29. Qxe6 Bxg2 30. Kxg2 Raa8 31. h4 Qd8 32. Qd6 Qe8 33. d4 Qe4+ 34. Kh2
Rad8 35. Qe5 Qd3 36. Rd2 Qxa3 37. Re1 bxc5 38. gxf4 Qf3 39. Rg2 Qxf4+ 40. Qxf4
Rxf4 41. dxc5 Rxh4+ 42. Kg1 Rc4 43. Re7 Rg8 44. Rc7 a4 45. Ne3 Rc1+ 46. Kh2 a3
47. Ra2 Rc3 48. Nd5 Rb3 49. Ra1 Rd8 50. Nf4 Rd2+ 51. Kg1 a2 52. Rf1 Rb1 53. Rc8+
Kh7 54. Ra8 Rxf1+ 55. Kxf1 0-1

[Event "XXV Miedzynarodowy Festiwal Szachowy w Poznaniu - OPEN A"]
[Site "Poznan"]
[Date "2017.08.25"]
[Round "7.17"]
[White "Niedbala, Wojciech "]
[Black "Kus, Aleksander"]
[Result "1/2-1/2"]
[WhiteTitle ""]
[BlackTitle ""]
[WhiteElo "1908"]
[BlackElo "2012"]

1. e4 e6 2. d4 d5 3. exd5 exd5 4. Bd3 Nc6 5. c3 Bd6 6. Nf3 Nf6 7. Bg5 h6 8. Bh4
Be6 9. Nbd2 Qe7 10. Qe2 O-O-O 11. O-O-O Rhe8 12. Rde1 g5 13. Bg3 1/2-1/2

[Event "XXV Miedzynarodowy Festiwal Szachowy w Poznaniu - OPEN A"]
[Site "Poznan"]
[Date "2017.08.25"]
[Round "7.18"]
[White "Dzwikowski, Adam "]
[Black "Lesien, Przemyslaw "]
[Result "1-0"]
[WhiteTitle ""]
[BlackTitle ""]
[WhiteElo "1975"]
[BlackElo "1763"]

1. Nf3 c5 2. g3 b6 3. Bg2 Bb7 4. O-O d6 5. c4 Nd7 6. Nc3 Ngf6 7. Re1 h6 8. e3 e6
9. d4 Be7 10. b3 O-O 11. d5 exd5 12. cxd5 Ne5 13. Nxe5 dxe5 14. d6 Bxg2 15. dxe7
Qxe7 16. Kxg2 Rad8 17. Qc2 e4 18. Bb2 Rd3 19. Rad1 Rfd8 20. Rxd3 exd3 21. Qd2
Nh7 22. e4 Qd6 23. f4 c4 24. f5 Qc6 25. bxc4 Qxc4 26. Re3 Nf6 27. h3 b5 28. a3
a5 29. Kf3 b4 30. axb4 axb4 31. Nd1 Qc2 32. Qe1 Nh7 33. h4 h5 34. e5 d2 35. Qf1
Qxf5+ 36. Kg2 Qg4 37. Qe2 Qf5 38. Qf3 Qg6 39. Qe4 Qe6 40. Qxb4 g5 41. Kh2 g4 42.
Qb3 Nf8 43. Rd3 Qxb3 44. Rxb3 Ne6 45. Rb6 Nd4 46. Bxd4 Rxd4 47. Rd6 Rxd6 48. exd6
Kf8 49. Kg2 Ke8 50. Kf2 Kd7 51. Ke2 Kxd6 52. Kxd2 Ke5 53. Ke3 Kf5 54. Nc3 Ke5
55. Ne2 1-0

[Event "XXV Miedzynarodowy Festiwal Szachowy w Poznaniu - OPEN A"]
[Site "Poznan"]
[Date "2017.08.25"]
[Round "7.19"]
[White "Wawrzyniak, Pawel"]
[Black "Kozlowska, Marzena "]
[Result "1/2-1/2"]
[WhiteTitle ""]
[BlackTitle ""]
[WhiteElo "1749"]
[BlackElo "1970"]

1. d4 d6 2. e4 g6 3. Nc3 Bg7 4. Be3 c6 5. Qd2 Nd7 6. Bd3 Ngf6 7. f3 e5 8. Nge2
exd4 9. Nxd4 Ne5 10. Be2 O-O 11. g4 a6 12. O-O-O Qc7 13. Kb1 b5 14. Rdg1 b4 15.
Nd1 c5 16. Nb3 Bb7 17. h4 Rfc8 18. Bh6 Bh8 19. c4 a5 20. Nf2 Ba6 21. Qc1 a4 22.
Nd2 Nc6 23. f4 Nd4 24. Bd3 Bb7 25. h5 a3 26. b3 Nd7 27. hxg6 fxg6 28. g5 Re8 29.
Ng4 Qd8 30. Rh3 Bc8 31. Rgh1 Qe7 32. f5 Ne5 33. Nxe5 Bxe5 34. f6 Qf7 35. Qe1 Ne6
36. Qh4 Ra7 37. Rf1 1/2-1/2

[Event "XXV Miedzynarodowy Festiwal Szachowy w Poznaniu - OPEN A"]
[Site "Poznan"]
[Date "2017.08.25"]
[Round "7.20"]
[White "Rozumek, Krzysztof "]
[Black "Sacharewicz, Krzysztof "]
[Result "1/2-1/2"]
[WhiteTitle ""]
[BlackTitle ""]
[WhiteElo "1952"]
[BlackElo "1800"]

1. h3 g6 2. c3 c5 3. d4 cxd4 4. cxd4 f5 5. Nf3 Nf6 6. Nc3 Bg7 7. Bf4 d6 8. e3 O-O
9. Bc4+ e6 10. Qb3 d5 11. Bd3 Nc6 12. O-O a6 13. Na4 b5 14. Nc5 Ne4 15. Qc2 Nxc5
16. Qxc5 Bb7 17. Rfc1 Rc8 18. Qd6 Qxd6 19. Bxd6 Rfd8 20. Bf4 Nb4 21. Bf1 Rxc1
22. Rxc1 Rc8 23. Rxc8+ Bxc8 24. a3 Nc6 25. Bc7 h6 26. Bd3 Kf7 27. h4 Ke8 28. Kf1
Kd7 29. Bf4 Na5 30. Be5 Bf8 31. Ke2 Nc4 32. Bxc4 dxc4 33. Bf4 Bg7 34. Kd2 Bb7
35. Ne1 Bf8 36. Kc3 h5 37. f3 Bd5 38. Nc2 a5 39. Bg5 Bd6 40. Bf4 Be7 41. Bg3 g5
42. hxg5 Bxg5 43. Kd2 Be7 44. Ke2 b4 45. axb4 axb4 46. Kd2 b3 47. Ne1 Bb4+ 48.
Kc1 Kc6 49. Bh4 Kb5 50. Bg3 c3 51. Nd3 c2 52. Be1 Be7 53. Bf2 Bd6 54. Bh4 Bc4
55. Ne5 Bxe5 56. dxe5 Bf1 57. g3 Kc4 58. Kd2 Kd5 59. Bf6 Bg2 60. f4 Ke4 61. Bh4
Kf3 62. Kc1 Kxe3 63. Bd8 1/2-1/2

[Event "XXV Miedzynarodowy Festiwal Szachowy w Poznaniu - OPEN A"]
[Site "Poznan"]
[Date "2017.08.25"]
[Round "7.21"]
[White "Malaczek, Mateusz"]
[Black "Kukorowski, Jan"]
[Result "1-0"]
[WhiteTitle ""]
[BlackTitle ""]
[WhiteElo "1950"]
[BlackElo "1670"]

1. c4 f5 2. Nf3 Nf6 3. g3 g6 4. Bg2 Bg7 5. O-O O-O 6. d3 d6 7. Nc3 Qe8 8. Rb1 e5
9. b4 Nc6 10. b5 Nd8 11. Ba3 e4 12. dxe4 fxe4 13. Ng5 Bf5 14. Ncxe4 Nf7 15. Nxf6+
Bxf6 16. Nxf7 Bxb1 17. Bd5 Rxf7 18. Qxb1 Qxe2 19. Re1 Qg4 20. Bb2 Bxb2 21. Qxb2
Qf5 22. Bxb7 Rb8 23. Bd5 a6 24. Qd4 Qd7 25. Qf6 1-0

[Event "XXV Miedzynarodowy Festiwal Szachowy w Poznaniu - OPEN A"]
[Site "Poznan"]
[Date "2017.08.25"]
[Round "7.22"]
[White "Kupsik, Joanna "]
[Black "Kozlowski, Tomasz"]
[Result "0-1"]
[WhiteTitle ""]
[BlackTitle ""]
[WhiteElo "1703"]
[BlackElo "1918"]

1. e4 d5 2. exd5 Nf6 3. Nf3 Bg4 4. Be2 Nxd5 5. h3 Bxf3 6. Bxf3 Nc6 7. d4 e6 8.
O-O Qh4 9. c4 Nb6 10. d5 O-O-O 11. b3 exd5 12. cxd5 Ne5 13. Nc3 Bd6 14. Be3 Nxf3+
15. Qxf3 Kb8 16. Rac1 Rhe8 17. Nb5 Nxd5 18. Bxa7+ Kc8 19. Qf5+ Re6 20. Qxf7 Qe4
21. Rc4 Qe5 22. Nxd6+ Rexd6 23. Rfc1 R6d7 24. Qf3 b6 25. Bxb6 Nxb6 26. g3 Qd5
27. Qxd5 Nxd5 28. a4 Nb6 29. Rc6 Rd1+ 30. Kg2 Rxc1 31. Rxc1 Rd3 32. a5 Nd5 33.
Rc5 Nb4 34. Rb5 Na6 35. b4 Rd4 36. Rg5 Rxb4 37. Rxg7 c5 38. Rxh7 c4 39. Re7 c3
40. Re2 Rb2 41. Re1 Nb4 42. Rc1 c2 43. g4 Nd3 44. Rxc2+ Rxc2 45. Kg3 Nxf2 46.
h4 Rc4 0-1

[Event "XXV Miedzynarodowy Festiwal Szachowy w Poznaniu - OPEN A"]
[Site "Poznan"]
[Date "2017.08.25"]
[Round "7.23"]
[White "Stachowiak, Slawomir "]
[Black "Mocny, Tomasz"]
[Result "0-1"]
[WhiteTitle ""]
[BlackTitle ""]
[WhiteElo "1915"]
[BlackElo "1731"]

1. e4 Nf6 2. e5 Nd5 3. c4 Nb6 4. d4 d6 5. f4 dxe5 6. fxe5 Nc6 7. Nf3 Bg4 8. Be3
e6 9. Nc3 Be7 10. Be2 Qd7 11. Qd2 O-O-O 12. O-O-O f6 13. Qe1 Na5 14. exf6 gxf6
15. Nd2 Bf5 16. Qf1 Bb4 17. Ndb1 Qc6 18. d5 Qd7 19. Nb5 a6 20. Nd4 Bg6 21. Nxe6
Qa4 22. Qf4 Qc2# 0-1

[Event "XXV Miedzynarodowy Festiwal Szachowy w Poznaniu - OPEN A"]
[Site "Poznan"]
[Date "2017.08.25"]
[Round "7.24"]
[White "Nawrowski, Artur "]
[Black "Kaluzny, Lukasz"]
[Result "0-1"]
[WhiteTitle ""]
[BlackTitle ""]
[WhiteElo "1024"]
[BlackElo "1910"]

1. d4 d5 2. Nf3 c6 3. c4 e6 4. Nc3 f5 5. Bf4 Nf6 6. e3 Be7 7. Be2 O-O 8. O-O Ne4
9. Qc2 Nd7 10. Ne5 g5 11. Nxd7 Bxd7 12. Be5 Bf6 13. Bd6 Nxd6 14. f4 Ne4 15. fxg5
Bxg5 16. Rf3 Qe7 17. c5 e5 18. b4 a6 19. Nxe4 fxe4 20. Rg3 Kh8 21. dxe5 Bh4 22.
e6 Bxg3 23. Qc3+ Qg7 24. Qxg7+ Kxg7 25. exd7 Bf2+ 26. Kh1 Rad8 27. Bg4 h5 28.
Bxh5 Rxd7 29. g4 Bxe3 30. Kg2 d4 31. Re1 Rf2+ 32. Kg3 Rd5 33. Be8 Rf3+ 34. Kh4
Bf2# 0-1

[Event "XXV Miedzynarodowy Festiwal Szachowy w Poznaniu - OPEN A"]
[Site "Poznan"]
[Date "2017.08.25"]
[Round "7.25"]
[White "Kaluzny, Tomasz"]
[Black "Stochnialek, Dominika"]
[Result "1-0"]
[WhiteTitle ""]
[BlackTitle ""]
[WhiteElo "1890"]
[BlackElo "1719"]

1. c4 e5 2. Nc3 Nf6 3. g3 d5 4. cxd5 Nxd5 5. Bg2 Nb6 6. Nf3 Nc6 7. O-O Be7 8. a3
O-O 9. b4 a6 10. d3 Re8 11. Bb2 Bf8 12. Rc1 Bg4 13. Ne4 Nd4 14. Nc5 Bxc5 15. Rxc5
Qd6 16. Rc1 c6 17. Nxd4 exd4 18. Qd2 Na4 19. Rc4 Nxb2 20. Qxb2 Rad8 21. e4 f6
22. f4 Be6 23. Rc5 Qd7 24. Rfc1 Rc8 25. Bf3 Red8 26. Bd1 h6 27. Bb3 Bxb3 28. Qxb3+
Qf7 29. Qb2 Qe6 30. R5c4 Qd6 31. Re1 Rc7 32. e5 fxe5 33. fxe5 Qe6 34. Rxd4 Rxd4
35. Qxd4 Rd7 36. Qc3 Qd5 37. Re3 Kf8 38. Qd2 Ke7 39. Qe2 Qd4 40. Kg2 Ke6 41. Re4
Qxd3 42. Qg4+ Ke7 43. e6 Rc7 44. Qxg7+ Ke8 45. Qg8+ Ke7 46. Qf7+ Kd6 47. Qf4+
Kd5 48. Qe5# 1-0

[Event "XXV Miedzynarodowy Festiwal Szachowy w Poznaniu - OPEN A"]
[Site "Poznan"]
[Date "2017.08.25"]
[Round "7.26"]
[White "Nun, Grzegorz"]
[Black "Glatty, Zbigniew "]
[Result "1-0"]
[WhiteTitle ""]
[BlackTitle ""]
[WhiteElo "1829"]
[BlackElo "1879"]

1. e4 e5 2. Nf3 Nc6 3. Bb5 a6 4. Ba4 Nf6 5. O-O Be7 6. Re1 b5 7. Bb3 O-O 8. h3
d6 9. c3 Na5 10. Bc2 c5 11. d4 Qc7 12. d5 c4 13. Nbd2 Nb7 14. Nf1 Nc5 15. Ng3
Re8 16. Nh2 Bb7 17. Ng4 Bc8 18. Be3 Bd7 19. Nxf6+ Bxf6 20. Qf3 Rac8 21. Nf5 Bxf5
22. Qxf5 Qd8 23. a4 g6 24. Qf3 h5 25. axb5 axb5 26. Ra7 Rf8 27. Rea1 Bg5 28. Bxc5
dxc5 29. Qd1 Be7 30. Rb7 Rb8 31. Raa7 Bf6 32. Rd7 Qb6 33. g4 hxg4 34. Qxg4 Rbd8
35. Rxf7 Bh8 36. Rxf8+ Kxf8 37. Qh4 Qf6 38. Qxf6+ Bxf6 39. Rb7 Ra8 40. Rxb5 Be7
41. Kg2 Ra1 42. Rb8+ Kf7 43. Rb7 Kf6 44. f4 exf4 45. e5+ Kxe5 46. Rxe7+ Kxd5 47.
Bxg6 Ra6 48. Bh5 Rb6 49. Re2 Rh6 50. Bg4 Rh8 51. Kf3 Rf8 52. h4 Rf6 53. h5 Rf8
54. Be6+ Kd6 55. Bxc4 Rf5 56. Re6+ Kd7 57. Rh6 Rf8 58. Rh7+ Kd6 59. Rf7 Rh8 60.
Rf5 Rb8 61. b3 Ra8 62. Kxf4 Ra1 63. Rf6+ Ke7 64. Rc6 Ra5 65. h6 Ra8 66. h7 Rh8
67. Bg8 1-0

[Event "XXV Miedzynarodowy Festiwal Szachowy w Poznaniu - OPEN A"]
[Site "Poznan"]
[Date "2017.08.25"]
[Round "7.27"]
[White "Zielinski, Olgierd "]
[Black "Janicki, Rafal "]
[Result "1/2-1/2"]
[WhiteTitle ""]
[BlackTitle ""]
[WhiteElo "1869"]
[BlackElo "1692"]

1. e4 c5 2. Nc3 Nc6 3. Bb5 g6 4. Nf3 Bg7 5. O-O Nd4 6. Bc4 e6 7. Re1 Ne7 8. Nb5
Nxb5 9. Bxb5 O-O 10. c3 d5 11. e5 a6 12. Bf1 Nc6 13. d4 cxd4 14. cxd4 f6 15. exf6
Bxf6 16. b3 Bd7 17. Bb2 Qb6 18. Qd2 Be7 19. Ne5 Nxe5 20. Rxe5 Rf5 21. Rxf5 exf5
22. g3 Bc6 23. Bc3 Bf6 24. Re1 Re8 25. Rxe8+ Bxe8 26. Bg2 Qe6 27. Bf3 Bc6 28.
Qf4 Kg7 29. h4 h6 30. Bb4 Be7 31. Qc7 Kf6 32. Bd2 g5 33. hxg5+ hxg5 34. Qb8 Kg7
35. Bh5 Bf6 36. Qc7+ Qe7 37. Qxe7+ 1/2-1/2

[Event "XXV Miedzynarodowy Festiwal Szachowy w Poznaniu - OPEN A"]
[Site "Poznan"]
[Date "2017.08.25"]
[Round "7.28"]
[White "Korpalska, Joanna"]
[Black "Wilk, Oktawia"]
[Result "1-0"]
[WhiteTitle ""]
[BlackTitle ""]
[WhiteElo "1733"]
[BlackElo "1848"]

1. e4 e6 2. d4 d5 3. Nc3 Nf6 4. Bg5 Be7 5. e5 Nfd7 6. h4 Bxg5 7. hxg5 Qxg5 8. Nh3
Qe7 9. Qg4 Rg8 10. Nf4 Nc6 11. O-O-O Nf8 12. Bd3 h6 13. Rxh6 gxh6 14. Qxg8 Qg5
15. Qxg5 hxg5 16. Nfe2 Bd7 17. Rh1 Ke7 18. a3 a6 19. Rh6 Rb8 20. Nd1 Na5 21. Ne3
b5 22. b3 Be8 23. Ng4 Nd7 24. Rh5 c5 25. dxc5 Nxc5 26. Bh7 Nd7 27. Rxg5 Rc8 28.
Kd2 Nc6 29. f4 b4 30. a4 Nf8 31. Bd3 a5 32. Rg7 Nd7 33. Nh6 Nb6 34. g4 Kf8 35.
Rg8+ Ke7 36. g5 d4 37. Bb5 Nd5 38. Bxc6 Rxc6 39. Nxd4 Rc3 40. f5 Nf4 41. f6+ Kd7
42. Rg7 Rg3 43. Nxf7 Rg2+ 44. Ke3 Nh5 45. Rh7 Rg3+ 46. Kf2 Bxf7 47. Rxf7+ Ke8
48. Re7+ 1-0

[Event "XXV Miedzynarodowy Festiwal Szachowy w Poznaniu - OPEN A"]
[Site "Poznan"]
[Date "2017.08.25"]
[Round "7.29"]
[White "Szymanski, Zbigniew"]
[Black "Wojdak, Jan"]
[Result "0-1"]
[WhiteTitle ""]
[BlackTitle ""]
[WhiteElo "1844"]
[BlackElo "1624"]

1. d4 d5 2. Nf3 Nf6 3. e3 c6 4. Ne5 Nbd7 5. f4 Nxe5 6. fxe5 Ne4 7. Bd3 Bf5 8. O-O
e6 9. Nd2 Be7 10. Qf3 Ng5 11. Qe2 Ne4 12. Bxe4 dxe4 13. g4 Bg6 14. Qg2 h5 15.
Nxe4 hxg4 16. Nf2 Bxc2 17. Qxg4 Bg6 18. Bd2 Qd7 19. Nh1 O-O-O 20. Ng3 Rh4 21.
Qe2 Rdh8 22. Rf2 Rh3 23. Be1 Qd5 24. Rd1 Rxg3+ 0-1

[Event "XXV Miedzynarodowy Festiwal Szachowy w Poznaniu - OPEN A"]
[Site "Poznan"]
[Date "2017.08.25"]
[Round "7.30"]
[White "Czarnolewski, Piotr"]
[Black "Augustowski, Janusz"]
[Result "0-1"]
[WhiteTitle ""]
[BlackTitle ""]
[WhiteElo "1677"]
[BlackElo "1810"]

1. e4 c5 2. Nf3 Nc6 3. d3 g6 4. g3 Bg7 5. Bg2 e5 6. O-O Nge7 7. Nbd2 O-O 8. c3
d6 9. a3 b5 10. b4 a5 11. Rb1 axb4 12. axb4 cxb4 13. cxb4 Ra4 14. Nc4 d5 15. Ne3
dxe4 16. dxe4 Be6 17. Qe2 Qb8 18. Rd1 Nxb4 19. Bd2 Nec6 20. Nd5 Nxd5 21. exd5
Bxd5 22. Rxb5 Bxf3 23. Qd3 Bxd1 24. Rxb8 Nxb8 25. Bc3 Bg4 26. h3 Bf5 27. Qb5 Bd7
28. Qb3 e4 29. Bb4 Re8 30. Bc5 Ra1+ 31. Kh2 Rc1 32. Be3 Rc3 33. Qb6 f5 34. h4
Be6 35. Qb4 Rcc8 36. Bf1 Nc6 37. Qb6 Ne5 38. Be2 Nc4 39. Bxc4 Bxc4 40. h5 gxh5
41. Qa5 Be5 42. Qb6 h4 43. Qh6 hxg3+ 44. fxg3 Bf7 45. Kh3 Rc3 46. Kh4 Bg6 47.
g4 fxg4 48. Kxg4 Rf8 49. Kh4 Rf3 50. Bf4 Rxf4+ 0-1

[Event "XXV Miedzynarodowy Festiwal Szachowy w Poznaniu - OPEN A"]
[Site "Poznan"]
[Date "2017.08.25"]
[Round "7.31"]
[White "Huchwajda, Katarzyna "]
[Black "Polak, Karol "]
[Result "1-0"]
[WhiteTitle ""]
[BlackTitle ""]
[WhiteElo "1779"]
[BlackElo "1581"]

1. e4 c5 2. Nf3 Nc6 3. d4 cxd4 4. Nxd4 d6 5. Nc3 Nf6 6. Bc4 g6 7. Nxc6 bxc6 8.
O-O Bg7 9. Bb3 O-O 10. Bd2 Nd7 11. Be3 Qa5 12. Bd4 Bxd4 13. Qxd4 Ba6 14. Rfe1
Nc5 15. e5 d5 16. Qh4 e6 17. Re3 Qd8 18. Qd4 Nd7 19. Na4 Qc7 20. Nc5 Nxc5 21.
Qxc5 Rab8 22. a4 Rb6 23. Rae1 Rfb8 24. Rh3 Rb4 25. Rc3 Qd8 26. Qxc6 R8b6 27. Qc7
Qg5 28. Rf3 Rb7 29. Qc3 d4 30. Qc6 Qd2 31. Ra1 Be2 32. Rf6 d3 33. Bxe6 dxc2 34.
Bxf7+ Kg7 35. Rxg6+ Kxf7 36. Qe6+ Kf8 37. Rg8# 1-0

[Event "XXV Miedzynarodowy Festiwal Szachowy w Poznaniu - OPEN A"]
[Site "Poznan"]
[Date "2017.08.25"]
[Round "7.32"]
[White "Wojciechowski, Antoni"]
[Black "Lascar, Radoslawa"]
[Result "1-0"]
[WhiteTitle ""]
[BlackTitle ""]
[WhiteElo "1581"]
[BlackElo "1778"]

1. Nf3 c5 2. g3 g6 3. Bg2 Bg7 4. O-O Nc6 5. d3 d5 6. e4 dxe4 7. dxe4 Bg4 8. Qxd8+
Rxd8 9. c3 e5 10. Be3 b6 11. Na3 Nge7 12. h3 Bc8 13. Rfd1 O-O 14. Nb5 h6 15. Bf1
Be6 16. b3 f5 17. Nc7 Bf7 18. exf5 gxf5 19. Nh4 Kh7 20. Bb5 Bg8 21. Rxd8 Nxd8
22. Rd1 Ne6 23. Nxe6 Bxe6 24. Rd6 Bc8 25. Bd7 Bb7 26. Re6 Nd5 27. c4 f4 28. Bd2
Nf6 29. Re7 Ne4 30. Bf5+ Kg8 31. Be6+ Kh7 32. Nf5 Kh8 33. Bc1 fxg3 34. fxg3 Ng5
35. Bxg5 hxg5 36. Rxb7 Bf6 37. Rxa7 e4 38. Rf7 Bd4+ 39. Nxd4 Rxf7 40. Bxf7 cxd4
41. Bd5 e3 42. Be4 1-0

[Event "XXV Miedzynarodowy Festiwal Szachowy w Poznaniu - OPEN A"]
[Site "Poznan"]
[Date "2017.08.25"]
[Round "7.33"]
[White "Lisiecki, Robert "]
[Black "Geselle , Roman"]
[Result "1-0"]
[WhiteTitle ""]
[BlackTitle ""]
[WhiteElo "1772"]
[BlackElo "1429"]

1. e4 Nf6 2. Nc3 e5 3. Nf3 d6 4. Bc4 h6 5. d3 Bg4 6. Be3 Be7 7. a3 O-O 8. Qd2 Kh7
9. O-O-O Ng8 10. h3 Be6 11. g4 Bxc4 12. dxc4 f6 13. h4 g6 14. Rdg1 c6 15. Ne2
Nd7 16. Ng3 Rf7 17. Nh2 Nb6 18. Qe2 Nd7 19. g5 fxg5 20. h5 gxh5 21. Nxh5 Ndf6
22. Ng3 Bf8 23. Nf3 Kg6 24. Bxg5 hxg5 25. Nxg5 Bh6 26. Rxh6+ Nxh6 27. Nf5 Nfg4
28. Nxf7 Kxf7 29. Nxh6+ Ke7 30. Qxg4 Qf8 31. Nf5+ Kd8 32. Qg7 Qxg7 33. Rxg7 Rc8
34. Nxd6 Rc7 35. Rxc7 Kxc7 36. Nf7 1-0

[Event "XXV Miedzynarodowy Festiwal Szachowy w Poznaniu - OPEN A"]
[Site "Poznan"]
[Date "2017.08.25"]
[Round "7.34"]
[White "Huchwajda, Grzegorz"]
[Black "Walkowski, Milosz"]
[Result "0-1"]
[WhiteTitle ""]
[BlackTitle ""]
[WhiteElo "1566"]
[BlackElo "1772"]

1. e4 c6 2. d4 d5 3. e5 Bf5 4. Nf3 e6 5. Be2 c5 6. Be3 cxd4 7. Nxd4 Ne7 8. O-O
Nbc6 9. c3 Nxe5 10. f4 N5c6 11. g4 Bxb1 12. Rxb1 Nxd4 13. Bxd4 Nc6 14. Bb5 Qc7
15. f5 O-O-O 16. Bxc6 bxc6 17. Qe2 c5 18. Rbc1 exf5 19. c4 dxc4 20. Qxc4 Rxd4
21. Qxd4 cxd4 22. Rxc7+ Kxc7 23. Rxf5 f6 24. Rd5 Bd6 0-1

[Event "XXV Miedzynarodowy Festiwal Szachowy w Poznaniu - OPEN A"]
[Site "Poznan"]
[Date "2017.08.25"]
[Round "7.35"]
[White "Kwiatkowski, Jacek "]
[Black "Frackowiak, Andrzej"]
[Result "1/2-1/2"]
[WhiteTitle ""]
[BlackTitle ""]
[WhiteElo "1751"]
[BlackElo "1611"]

1. d4 Nf6 2. Nf3 e6 3. Bf4 c5 4. e3 b6 5. Be2 Bb7 6. c3 Be7 7. O-O O-O 8. Nbd2
Nc6 9. h3 cxd4 10. exd4 d6 11. Re1 Re8 12. Bd3 e5 13. Bh2 exd4 14. cxd4 Nb4 15.
Bb1 Bf8 16. a3 Rxe1+ 17. Qxe1 Nbd5 18. Ne4 Qd7 19. Qd2 Nxe4 20. Bxe4 Nf6 21. Bxb7
Qxb7 22. Bf4 Rc8 23. Re1 Qc6 24. Qd3 Qc4 25. Qf5 Qc2 26. Qb5 Qc4 27. Qxc4 Rxc4
28. Re2 h6 29. g4 Nd5 30. Bg3 Nc7 31. Kg2 b5 32. Re3 Ne6 33. Rb3 a6 34. Re3 Rc2
35. b3 a5 36. Rd3 d5 37. b4 axb4 38. axb4 Bxb4 39. Rb3 Bc3 40. Rxb5 Bxd4 41. Nxd4
Nxd4 42. Rxd5 Ne6 43. Ra5 Rc8 1/2-1/2

[Event "XXV Miedzynarodowy Festiwal Szachowy w Poznaniu - OPEN A"]
[Site "Poznan"]
[Date "2017.08.25"]
[Round "7.36"]
[White "Litke, Slawomir"]
[Black "Walkowski, Jonasz"]
[Result "1/2-1/2"]
[WhiteTitle ""]
[BlackTitle ""]
[WhiteElo "1730"]
[BlackElo "1496"]

1. e4 e6 2. d4 d5 3. e5 c5 4. c3 Nc6 5. Nf3 Qb6 6. Bd3 Bd7 7. O-O cxd4 8. cxd4
Nxd4 9. Nxd4 Qxd4 10. Nc3 Qb6 11. a4 a6 12. a5 Qc7 13. Bf4 Ne7 14. Qf3 Bc6 15.
Qh3 g6 16. b4 Bg7 17. b5 axb5 18. Nxb5 Bxb5 19. Bxb5+ Nc6 20. Qg3 Bf8 21. Qc3
Be7 22. a6 Kd7 23. Rfc1 Rhc8 24. axb7 Qxb7 25. Rab1 Qc7 26. h3 h5 27. Bxc6+ Qxc6
28. Qxc6+ Rxc6 29. Rb7+ Kc8 30. Rxe7 Rxc1+ 31. Bxc1 Ra1 32. Rxf7 Rxc1+ 33. Kh2
Re1 34. Rf6 Rxe5 35. Rxg6 Kd7 36. Kg1 Kd6 37. Rg3 1/2-1/2

[Event "XXV Miedzynarodowy Festiwal Szachowy w Poznaniu - OPEN A"]
[Site "Poznan"]
[Date "2017.08.25"]
[Round "7.37"]
[White "Zurawski, Kamil"]
[Black "Tadych, Szymon "]
[Result "1/2-1/2"]
[WhiteTitle ""]
[BlackTitle ""]
[WhiteElo "1665"]
[BlackElo "1501"]

1. e4 e5 2. Nf3 Nf6 3. Bc4 Nc6 4. Ng5 d5 5. exd5 Na5 6. Bb5+ c6 7. dxc6 bxc6 8.
Be2 h6 9. Nf3 e4 10. Ne5 Qd4 11. Ng4 Bxg4 12. Bxg4 e3 13. f3 Nxg4 14. fxg4 exd2+
15. Qxd2 Qxg4 16. O-O Bc5+ 17. Kh1 Nb7 18. Re1+ Kf8 19. Re2 Rd8 20. Qe1 g5 21.
Bd2 Kg7 22. Bc3+ Bd4 23. Re4 Bxc3 24. Qxc3+ Kh7 25. Nd2 Qd7 26. Nf3 Rhe8 27. Rd4
Qc7 28. Rad1 Rxd4 29. Rxd4 Rd8 30. h3 Rxd4 31. Qxd4 Qb6 32. Qf6 Qc7 33. Nd4 Nd6
34. c4 c5 35. Nb5 Nxb5 36. cxb5 Kg8 37. a4 Qa5 38. Qe5 Qxa4 39. Qxc5 Kg7 40. Qe5+
Kg6 41. Qd5 Qa1+ 42. Kh2 Qxb2 43. Qe4+ 1/2-1/2

[Event "XXV Miedzynarodowy Festiwal Szachowy w Poznaniu - OPEN A"]
[Site "Poznan"]
[Date "2017.08.25"]
[Round "7.38"]
[White "Zakrzewski, Bartosz"]
[Black "Hoffmann, Piotr"]
[Result "0-1"]
[WhiteTitle ""]
[BlackTitle ""]
[WhiteElo "1554"]
[BlackElo "1651"]

1. e4 d5 2. exd5 Qxd5 3. Nc3 Qd8 4. d4 Nf6 5. Nf3 Bg4 6. Be3 e6 7. Be2 Be7 8. O-O
O-O 9. Ne5 Bxe2 10. Qxe2 c6 11. Rad1 Nd5 12. Nxd5 cxd5 13. Qb5 Qb6 14. Qb3 f6
15. Nf3 Nc6 16. Rfe1 Na5 17. Qxb6 axb6 18. Bf4 Kf7 19. Re2 Rfe8 20. Rde1 Bd8 21.
b3 Nc6 22. c3 b5 23. b4 Rc8 24. Ra1 Ra8 25. Rae1 Nb8 26. h3 Nd7 27. g4 g5 28.
Bg3 Nb6 29. Kf1 Na4 30. Rc1 Rc8 31. Re3 Rc6 32. Ke2 Be7 33. Kd2 Nb2 34. Kc2 Nc4
35. Re2 Rec8 36. Kb3 Ra8 37. h4 Ra3+ 38. Kc2 Rxa2+ 39. Kd3 Rxe2 40. Kxe2 gxh4
41. Bxh4 h6 42. Ra1 Ra6 43. Rxa6 bxa6 44. Nd2 Nxd2 45. Kxd2 Bd8 46. f4 a5 47.
bxa5 Bxa5 48. g5 h5 49. gxf6 Bd8 50. Ke3 Bxf6 51. Be1 Kg6 52. Bf2 Kf5 53. Kf3
Be7 54. Be1 Ba3 55. Bd2 Bd6 56. Be3 h4 57. Bd2 h3 58. Kg3 h2 59. Kg2 Bxf4 60.
Be1 Ke4 61. Kh1 Kd3 62. Kg2 Bd2 63. Bf2 Bxc3 64. Kxh2 Bxd4 0-1

[Event "XXV Miedzynarodowy Festiwal Szachowy w Poznaniu - OPEN A"]
[Site "Poznan"]
[Date "2017.08.25"]
[Round "7.39"]
[White "Godek, Martyna "]
[Black "Tomczak, Marta "]
[Result "1/2-1/2"]
[WhiteTitle ""]
[BlackTitle ""]
[WhiteElo "1634"]
[BlackElo "1480"]

1. e4 c5 2. Nc3 Nc6 3. d3 e6 4. Be3 Nf6 5. Nf3 Be7 6. Be2 d5 7. exd5 exd5 8. d4
c4 9. O-O O-O 10. Ne5 Qb6 11. b3 cxb3 12. axb3 Rd8 13. Nf3 Bf5 14. Nh4 Ne4 15.
Na4 Nc3 16. Nxb6 Nxd1 17. Nxa8 Nxe3 18. fxe3 Bxc2 19. Nf5 Rxa8 20. Nxe7+ Nxe7
21. Rfc1 Bxb3 22. Rc7 Nf5 23. Rxa7 Re8 24. Raxb7 Ba4 25. Rxf7 Rxe3 26. Rxf5 Rxe2
27. Rxd5 Re8 28. Ra5 Bc2 29. Rc7 Bb1 30. d5 Rd8 31. d6 h6 32. Rd5 Ba2 33. Rd2
Be6 34. Kf2 Kf8 35. Ke3 Bd7 36. Kd4 Kf7 37. Re2 Kf6 38. Kc5 g6 39. Re7 Be6 40.
Rh7 h5 41. Kc6 Ke5 42. Rce7 Rxd6+ 43. Kc7 1/2-1/2